| 000 | 00794nam a2200229 i 4500 | ||
|---|---|---|---|
| 001 | 54262 | ||
| 003 | ES-MaACL | ||
| 005 | 20250721144332.0 | ||
| 007 | t| | ||
| 008 | 931025s1866 fr f ||||1| spa d | ||
| 100 | 1 |
_aFlammarion, Camille, _d1842-1925 _951110 |
|
| 245 | 1 | 4 |
_aLas maravillas celestes / _cpor Camilo Flammarion... ; traducida al español por E. Corona Martínez. |
| 260 |
_aParis : _bL. Hachette et Cie., _c1866 ( _fImp. general de Ch. Lahure) |
||
| 300 |
_aIV, 422, 6 p. : _bil. ; _c19 cm. |
||
| 490 | 1 |
_aBiblioteca de las maravillas ; _v1 |
|
| 650 | 7 |
_aAstronomía _2embne _910386 |
|
| 700 | 1 |
_aCorona Martínez, E. _940672 |
|
| 830 | 0 |
_aBiblioteca de las maravillas ; _v1 _9182500 |
|
| 852 |
_aES-MaACL _jD-1562 |
||
| 999 |
_c54262 _d54262 |
||